000 00391nam a2200169Ia 4500
001 22494
003 IN-NITTTR
005 20251114233254.0
008 251113s9999||||xx |||||||||||||| ||eng||
040 _beng
040 _cIN-NITTTR
041 _aeng
082 _a616.99418 P11C
100 _aPavri, Khorshed M.
245 0 _aChallenge of aids. /
_cPavri, Khorshed M.
942 _2ddc
_cBK
999 _c25123
_d25123